Top 15 Länder mit Covid-19-Todesfällen - 8. Juli - Statistiken

Allgemein
  • Dieses Quiz wurde 17 mal gespielt
  • Das Durchschnittsergebnis liegt bei 14 aus 19
Antwortstatistiken
Land % Korrekt
Indien
94%
Italien
94%
Spanien
94%
Vereinigte Staaten
94%
Brasilien
88%
Deutschland
88%
Frankreich
88%
Russland
88%
Mexiko
81%
Belgien
69%
Iran
69%
Kanada
69%
Niederlande
69%
Schweden
69%
Vereinigtes Königreich
63%
Chile
56%
Ecuador
50%
Peru
50%
Irland
44%
Keine übereinstimmenden Quizze gefunden
Verteilung der Resultate
Anzahl Personen mit jedem Resultat
Perzentil nach korrekt beantworteten Fragen
Ihre Resultats-Entwicklung
Sie haben dieses Quiz noch nicht gespielt